Najmniej zaludnione państwa według kontynentu - Statystyki

Ogólne statystyki
  • Ten quiz został rozwiązany 211 razy
  • Średni wynik to 21 z 30
Statystyki odpowiedzi
Kontynent Państwo % Poprawnych
Europa Watykan
95%
Europa San Marino
94%
Europa Andora
91%
Europa Liechtenstein
91%
Europa Monako
87%
Ameryka Południowa Surinam
79%
Ameryka Południowa Urugwaj
79%
Oceania Nauru
78%
Ameryka Południowa Gujana
77%
Ameryka Południowa Paragwaj
77%
Ameryka Południowa Boliwia
72%
Oceania Tuvalu
70%
Oceania Palau
69%
Oceania Wyspy Marshalla
69%
Afryka Wyspy Świętego Tomasza i Książęca
66%
Afryka Seszele
64%
Azja Bhutan
63%
Afryka Republika Zielonego Przylądka
63%
Ameryka Północna Dominika
61%
Azja Malediwy
61%
Ameryka Północna Saint Kitts i Nevis
61%
Oceania Tonga
61%
Azja Bahrajn
60%
Azja Brunei
59%
Ameryka Północna Grenada
59%
Afryka Komory
59%
Azja Timor Wschodni
54%
Ameryka Północna Antigua i Barbuda
53%
Ameryka Północna Saint Vincent i Grenadyny
52%
Afryka Dżibuti
41%
Nie znaleziono quizów pasujących do podanych kryteriów
Rozkład punktacji
Procent ludzi z każdym wynikiem
Percentyl według liczby udzielonych odpowiedzi
Twoja historia wyników
Nie rozwiązałeś tego quizu